How does law protect in war? -. (Record no. 16035)
[ view plain ]
| 000 -LEADER | |
|---|---|
| fixed length control field | 00930nam a2200289 a 4500 |
| 001 - CONTROL NUMBER | |
| control field | ASIN2940396124 |
| 005 - DATE AND TIME OF LATEST TRANSACTION | |
| control field | 20170105102930.0 |
| 008 - FIXED-LENGTH DATA ELEMENTS--GENERAL INFORMATION | |
| fixed length control field | 140217s2011 xxu eng d |
| 020 ## - INTERNATIONAL STANDARD BOOK NUMBER | |
| International Standard Book Number | 2940396124 (hardcover) |
| 020 ## - INTERNATIONAL STANDARD BOOK NUMBER | |
| International Standard Book Number | 9782940396122 (hardcover) |
| 040 ## - CATALOGING SOURCE | |
| Original cataloging agency | 0 |
| 050 04 - LIBRARY OF CONGRESS CALL NUMBER | |
| Classification number | KZ6471 |
| 082 04 - DEWEY DECIMAL CLASSIFICATION NUMBER | |
| Classification number | 341.6 |
| Author Mark | SAS 2011 |
| 100 1# - MAIN ENTRY--PERSONAL NAME | |
| Personal name | Sassoli, Marco. |
| 245 10 - TITLE STATEMENT | |
| Title | How does law protect in war? -. |
| Number of part/section of a work | Volume 3 / |
| Statement of responsibility, etc. | Marco Sassoli, Antoine A. Bouvier, Anne Quintin. |
| 250 ## - EDITION STATEMENT | |
| Edition statement | 3rd ed. |
| 260 ## - PUBLICATION, DISTRIBUTION, ETC. | |
| Place of publication, distribution, etc. | [S.l.] : |
| Name of publisher, distributor, etc. | ICRC, |
| Date of publication, distribution, etc. | 2011. |
| 300 ## - PHYSICAL DESCRIPTION | |
| Extent | 1 v. (unpaged) |
| 650 #0 - SUBJECT ADDED ENTRY--TOPICAL TERM | |
| Topical term or geographic name entry element | Combatants and noncombatants (International law) |
| 650 #0 - SUBJECT ADDED ENTRY--TOPICAL TERM | |
| Topical term or geographic name entry element | Humanitarian law |
| 650 #0 - SUBJECT ADDED ENTRY--TOPICAL TERM | |
| Topical term or geographic name entry element | War (International law) |
| 650 #0 - SUBJECT ADDED ENTRY--TOPICAL TERM | |
| Topical term or geographic name entry element | War victims--Legal status, laws, etc |
| 700 1# - ADDED ENTRY--PERSONAL NAME | |
| Personal name | Bouvier, Antoine A. |
| 700 1# - ADDED ENTRY--PERSONAL NAME | |
| Personal name | Quintin, Anne. |
| 856 40 - ELECTRONIC LOCATION AND ACCESS | |
| Materials specified | Amazon.com |
| Uniform Resource Identifier | <a href="http://www.amazon.com/exec/obidos/ASIN/2940396124/chopaconline-20">http://www.amazon.com/exec/obidos/ASIN/2940396124/chopaconline-20</a> |
| 942 ## - ADDED ENTRY ELEMENTS (KOHA) | |
| Source of classification or shelving scheme | |
| Koha item type | Reference |
| Withdrawn status | Lost status | Damaged status | Not for loan | Collection code | Permanent Location | Current Location | Shelving location | Date acquired | Total Checkouts | Full call number | Barcode | Date last seen | Price effective from | Koha item type |
|---|---|---|---|---|---|---|---|---|---|---|---|---|---|---|
| Centre for International Peace & Stability (CIPS) | Centre for International Peace & Stability (CIPS) | Reference | 01/06/2014 | 341.6 SAS 2011 | CIPSD0000067 | 02/17/2014 | 02/17/2014 | Reference | ||||||
| Centre for International Peace & Stability (CIPS) | Centre for International Peace & Stability (CIPS) | Reference | 01/06/2014 | 341.6 SAS 2011 | CIPSD0000069 | 02/17/2014 | 02/17/2014 | Reference | ||||||
| Centre for International Peace & Stability (CIPS) | Centre for International Peace & Stability (CIPS) | Reference | 01/06/2014 | 341.6 SAS 2011 | CIPSD0000068 | 02/17/2014 | 02/17/2014 | Reference |
